Mejora de la gestion publica y lucha contra la corrupcion en los paises balticos y de la CEI : La funcion del FMI /

Este folleto se centra en ejemplos recientes de corrupcion en los paises balticos y la ex Union Sovietica para analizar los vinculos entre la gestion de gobierno y la corrupcion, y hace hincapie en el alto costo economico que esta ultima supone. Describe el trabajo conjunto del FMI y los paises de l...

Descripción completa

Detalles Bibliográficos
Autor principal: Gurgen, Emine
Otros Autores: Wolf, Thomas
Formato: Revista
Lenguaje:English
Publicado: Washington, D.C. : International Monetary Fund, 2000.
Colección:Economic Issues; Economic Issues ; No. 21
Materias:
Acceso en línea:Full text available on IMF
LEADER 01924cas a2200313 a 4500
001 AALejournalIMF012437
008 230101c9999 xx r poo 0 0eng d
020 |c 5.00 USD 
020 |z 9781557759627 
022 |a 1020-8372 
040 |a BD-DhAAL  |c BD-DhAAL 
100 1 |a Gurgen, Emine. 
240 1 0 |a Mejora de la gestion publica y lucha contra la corrupcion en los paises balticos y de la CEI: La funcion del FMI.  |l Spanish 
245 1 0 |a Mejora de la gestion publica y lucha contra la corrupcion en los paises balticos y de la CEI :   |b La funcion del FMI /  |c Emine Gurgen, Thomas Wolf. 
264 1 |a Washington, D.C. :  |b International Monetary Fund,  |c 2000. 
300 |a 1 online resource (26 pages) 
490 1 |a Economic Issues 
500 |a <strong>Off-Campus Access:</strong> No User ID or Password Required 
500 |a <strong>On-Campus Access:</strong> No User ID or Password Required 
506 |a Electronic access restricted to authorized BRAC University faculty, staff and students 
520 3 |a Este folleto se centra en ejemplos recientes de corrupcion en los paises balticos y la ex Union Sovietica para analizar los vinculos entre la gestion de gobierno y la corrupcion, y hace hincapie en el alto costo economico que esta ultima supone. Describe el trabajo conjunto del FMI y los paises de la ex Union Sovietica para poner freno a la corrupcion y llevar a cabo los cambios reglamentarios y legislativos necesarios para respaldar un buen gobierno. 
538 |a Mode of access: Internet 
650 7 |a International Agreements and Observance  |2 imf 
650 7 |a International Organizations  |2 imf 
650 7 |a Investment Decisions  |2 imf 
650 7 |a Portfolio Choice  |2 imf 
700 1 |a Wolf, Thomas. 
830 0 |a Economic Issues; Economic Issues ;  |v No. 21 
856 4 0 |z Full text available on IMF  |u http://elibrary.imf.org/view/books/051/03459-9781557759627-es/03459-9781557759627-es-book.xml  |z IMF e-Library